AACR2R WITH MARC21 CATALOGUING PRACTICE FOR 21ST CENTURY (Record no. 206773)

MARC details
000 -LEADER
fixed length control field 00307nam a2200133Ia 4500
003 - CONTROL NUMBER IDENTIFIER
control field OSt
005 - DATE AND TIME OF LATEST TRANSACTION
control field 20240402161605.0
020 ## - INTERNATIONAL STANDARD BOOK NUMBER
International Standard Book Number 81-7000-440-3
040 ## - CATALOGING SOURCE
Transcribing agency LCC
050 ## - LIBRARY OF CONGRESS CALL NUMBER
Classification number Z 694 .A 56A 89
100 ## - MAIN ENTRY--PERSONAL NAME
Personal name ASWAL,R.S
245 #0 - TITLE STATEMENT
Title AACR2R WITH MARC21 CATALOGUING PRACTICE FOR 21ST CENTURY
942 ## - ADDED ENTRY ELEMENTS (KOHA)
Koha item type Long Loan Book
Source of classification or shelving scheme Dewey Decimal Classification
Holdings
Withdrawn status Lost status Source of classification or shelving scheme Damaged status Not for loan Collection Home library Current library Date acquired Inventory number Total checkouts Full call number Barcode Date last seen Copy number Price effective from Koha item type
    Library of Congress Classification     Reserve Kisii University Library Kisii University Library 09/15/2023 23346   Z 694. A56A89 001046 09/15/2023 C.1 09/15/2023 Short Loan Book